000 00829nam a22001937a 4500
005 20240709145245.0
010 _aHIN- 127963
020 _c395.00
_a9789386720535
035 _aHN-100309
037 _bDBAD
082 _a230.1
100 _aकंवर, जिया
_968318
245 _aयुधिष्ठिर/
_cद्वारा जिया कंवर
250 _a1
260 _aग़ाज़ियाबाद
_bराठोर पब्लिशर
_c2020
270 _bग़ाज़ियाबाद
_aबेसमेंट-260,शक्तिकंद-III, इंदिरापुरम, ग़ाज़ियाबाद (उ.प.)
_e201010
_k09958828738
_mrathorepublishers@gmail.com
300 _av, 112 p.
_c22cm (सजिल्द)
942 _2ddc
_cEN
_h230.1
_mकंवर
999 _c204072
_d204072